000 006460000a22002050004500
090 _aAR
_b01342
245 1 0 _aMammals of northeastern Brazil: a preliminary assessment
650 1 4 _aDistribución geográfica
_992997
650 1 4 _aEcología
_992250
650 1 4 _aColecciones biológicas
_94146
650 1 4 _aMurciélagos
_92659
651 4 _mCrato
_dCeará
_pBrasil
_992749
041 0 _aInglés
700 1 _aWillig, Michael R.
_994581
700 1 _aStreilein, Kari E.
_994633
700 1 _aLacher, Thomas J,
_994634
100 1 _aMares, Michael A.
_994011
942 _cARTICULO
773 1 _tAnnals of Carnegie Museum
_3376
_h50
_q81-137
_d1981
_g4
999 _c10427
_d10427